00401nam a22001337a 4500003000400000008004100004020001800045082001800063245006600081260004000147300001900187650004000206700002100246OSt260626b |||||||| |||| 00| 0 eng d a9780323884969 bZ36Ea579.503 aEncyclopedia of Mycology/ edited by Oscar Zaragoza...[et al.] aAmsterdam : bOliver Walter,c2021. axxviii, 843 p. aPure Sciences | Biology | Mycology  aZaragoza, Oscar